[Event "45th Reggio Emilia it"]
[Site "Reggio Emilia ITA"]
[Date "2002.12.29"]
[Round "1"]
[White "Romanishin, Oleg"]
[Black "Iotti, Pierluigi"]
[Result "1-0"]
[WhiteElo "2562"]
[BlackElo "2314"]
[EventDate "2002.12.29"]
[PlyCount "77"]

1.d4 Nf6 2.Nf3 b6 3.g3 Bb7 4.c4 e6 5.Bg2 Be7 6.Nc3 Ne4 7.Bd2 O-O 8.d5 Nxc3
9.Bxc3 Bf6 10.Rc1 d6 11.O-O Bxc3 12.Rxc3 e5 13.e4 Nd7 14.Nd2 g6 15.f4 Qe7 
16.f5 g5 17.g4 Kg7 18.h4 h6 19.Rh3 f6 20.Nf3 Rf7 21.Kf2 a5 22.Rfh1 Rg8 23.
hxg5 hxg5 24.Ng1 Kf8 25.Ne2 Rgg7 26.Rh8+ Rg8 27.a3 Ba6 28.b3 Rg7 29.R8h3 
Rf7 30.Nc3 Ke8 31.Bf1 Rgg7 32.Rh8+ Rf8 33.b4 axb4 34.axb4 Kd8 35.Qa4 Bb7 
36.Qa7 Kc8 37.c5 dxc5 38.Ba6 Bxa6 39.Qxa6+ 1-0

[Event "45th Reggio Emilia it"]
[Site "Reggio Emilia ITA"]
[Date "2002.12.31"]
[Round "3"]
[White "Palac, Mladen"]
[Black "Chabanon, Jean-Luc"]
[Result "1/2-1/2"]
[WhiteElo "2568"]
[BlackElo "2481"]
[EventDate "2002.12.29"]
[PlyCount "35"]

1.e4 d5 2.exd5 Qxd5 3.Nc3 Qa5 4.d4 Nf6 5.Bc4 Bg4 6.f3 Bf5 7.Ne2 e6 8.Bd2 
Qb6 9.g4 Bg6 10.h4 h6 11.Nf4 Nc6 12.Nxg6 fxg6 13.Na4 Qxd4 14.Qe2 Qe5 15.
Bb5 Qxe2+ 16.Kxe2 O-O-O 17.Bxc6 bxc6 18.Be3 1/2-1/2

[Event "45th Reggio Emilia it"]
[Site "Reggio Emilia ITA"]
[Date "2003.01.02"]
[Round "5"]
[White "Cebalo, Miso"]
[Black "Romanishin, Oleg"]
[Result "1/2-1/2"]
[WhiteElo "2544"]
[BlackElo "2562"]
[EventDate "2002.12.29"]
[PlyCount "43"]

1.d4 Nf6 2.c4 e6 3.Nc3 Bb4 4.e3 b6 5.Ne2 c5 6.a3 Ba5 7.Rb1 Na6 8.Bd2 O-O 
9.Ng3 d5 10.cxd5 cxd4 11.exd4 Bxc3 12.bxc3 Qxd5 13.Be2 Bb7 14.Bf3 Qd7 15.
Bxb7 Qxb7 16.O-O Rac8 17.Qa4 Nb8 18.c4 Rfd8 19.Be3 Qd7 20.Qxd7 Nbxd7 21.
Rfc1 Rc6 22.c5 1/2-1/2